000 00730nam a2200181Ia 4500
008 100920s9999 xx 000 0 und d
082 _b58086
_a24 थ 90
100 _aपटवर्धन मोरेश्वर,देशपांडे वामन
245 _aगाणी मनातली, गळ्यातली भा.5.
260 _bसाहित्य-प्रसार-केंद्र, मुंबई.
_c1990
300 _a128
_bसाधी
365 _b50
520 _aसायो.
630 _aगाणी मनातली, गळ्यातली भा.5.
650 _aसायो.
730 _aगाणी मनातली, गळ्यातली भा.5.
942 _cBOOK
999 _c701819
_d701816